Single parenting
| Main Author: | |
|---|---|
| Format: | Book |
| Published: |
London :
Franklin Watts ,
1989
|
| Series: | Teen guide to
|
| Subjects: |
MARC
| LEADER | 00000cam a2200000 7i4500 | ||
|---|---|---|---|
| 001 | 0000005610 | ||
| 002 | 000006063 | ||
| 005 | 20040115.0 | ||
| 020 | |a 0863139264 | ||
| 090 | 0 | 0 | |a 305.235 |b TEE |
| 100 | 1 | |a Silverstein, Herma | |
| 245 | 1 | 0 | |a Single parenting |c Herma Silverstein |
| 260 | |a London : |b Franklin Watts , |c 1989 | ||
| 300 | |a 62 p. : |b ill. ; |c 21 cm. | ||
| 490 | 0 | |a Teen guide to | |
| 650 | 0 | 0 | |a Parenting |x Juvenile literature |
| 999 | |a 026772 |b BUKU |c JUNIOR BOOKS |e PERPUSTAKAAN KOMUNITI PETALING JAYA | ||